The power to cloud our minds (Record no. 74660)

MARC details
000 -CABECERA
campo de control de longitud fija 00609nam a2200229 a 4500
005 - FECHA Y HORA DE LA ÚLTIMA TRANSACCIÓN
campo de control 20210219153343.0
008 - ELEMENTOS DE LONGITUD FIJA--INFORMACIÓN GENERAL
campo de control de longitud fija 991125n 000 0 u
035 ## - NÚMERO DE CONTROL DEL SISTEMA
Número de control de sistema UPN01000093337
100 ## - ASIENTO PRINCIPAL--NOMBRE PERSONAL
Nombre de persona Harman, Susan
222 ## - TÍTULO CLAVE
Título clave PHI DELTA KAPPAN
245 ## - MENCIÓN DE TÍTULO
Título The power to cloud our minds
300 ## - DESCRIPCIÓN FÍSICA
Extensión 178
362 ## - FECHAS DE PUBLICACIÓN Y/O DESIGNACIÓN SECUENCIAL
Fecha de publicación y/o designación secuencial 74, No. 2, 1992
505 ## - NOTA DE CONTENIDO CON FORMATO PREESTABLECIDO
Nota de contenido con formato Febrero 1993
653 0# - TERMINO DE INDIZACION - NO CONTROLADO
Término no controlado DESTREZAS DEL PENSAMIENTO
653 0# - TERMINO DE INDIZACION - NO CONTROLADO
Término no controlado PROBLEMAS DE APRENDIZAJE
653 0# - TERMINO DE INDIZACION - NO CONTROLADO
Término no controlado PRUEBAS DE OPCION MULTIPLE
653 0# - TERMINO DE INDIZACION - NO CONTROLADO
Término no controlado PRUEBAS DE PROBLEMAS
653 0# - TERMINO DE INDIZACION - NO CONTROLADO
Término no controlado READING DIFFICULTIES
904 ## - ELEMENTOS DE DATOS D LOCAL, LDD (RLIN)
a AC
b 031148
905 ## - TIPO DE MATERIAL
Tipo de material Articulo

No items available.